Русенският театър от Освобождението до края на Първата световна война 1878-1918 (Запис номер 447607)
[ съкратено ]
| 000 -Лидер | |
|---|---|
| Контролно поле с фиксирана дължина | 01692nam a2200385 a 4500 |
| 003 - Код на организацията, давaща контролен номер | |
| Контролно поле | BLK |
| 005 - Дата и час на последна редакция | |
| Контролно поле | 20240731132108.0 |
| 008 - Елементи от данни с фиксирана дължина | |
| fixed length control field | 180409b bul|||||r ||||||| ||bul|| |
| 040 ## - Източник на каталожния запис | |
| Идентификатор на билиотеката - собственик на записа | BLK |
| 041 ## - Код за език | |
| Код за езика на текст/звукозапис или на отделно заглавие | Български |
| Код за езика КДБФ | Български |
| 080 ## - УДК | |
| Текстов определител УДК | Драматични театри. Театри за драма и комедия. Вж и 82-2 |
| УДК код - определител по УДК | 792.2 |
| УДК определител | .071(497.215)(092)(062) |
| УДК - код + определител | 792.2.071(497.215)(092)(062) |
| 100 ## - Редна дума - Автор | |
| Автор | Васев, Василен Иванов |
| R(LIN) | 278777 |
| 139 ## - Редно поле | |
| Редна дума | Васев, Василен Иванов |
| Авторски знак | Вас - В 23 |
| 245 10 - Сведения за заглавието | |
| Заглавие | Русенският театър от Освобождението до края на Първата световна война 1878-1918 |
| Подзаглавни данни | Автореферат на дисертация за получаване на научна степен "Кандидат на изкуствознанието" |
| Редно поле (дума) | Василен Иванов Васев |
| Физически носител (вид на носителя) | [Малотир. изд.] |
| 257 ## - Страна на издаване | |
| Страна на създаване/издаване | България |
| 260 ## - Област на издателските данни | |
| Място на издаване, разпространение и проч. | София |
| Име на издателя, разпространителя и проч. | БАН |
| Година на издаване | 1993 |
| 9 (RLIN) | 406277 |
| 300 ## - Физическа характеристика | |
| Страници | 36 с. |
| Размери/Мащаб | 20 см |
| 380 ## - Жанр | |
| Жанр | Изкуство |
| 500 ## - Общи забележки | |
| Забележка | Изд. Научен институт по проблеми на изкуствознанието при БАН |
| 650 #4 - Допълнително описание по предмет – тема | |
| Основно описание – тема или топоним | Драматични театри, български - Русе |
| 9 (RLIN) | 278778 |
| 650 #4 - Допълнително описание по предмет – тема | |
| Основно описание – тема или топоним | Русе - театър |
| 9 (RLIN) | 278779 |
| 650 #0 - Допълнително описание по предмет – тема | |
| Основно описание – тема или топоним | История |
| 9 (RLIN) | 396464 |
| 651 #4 - Допълнително описание по предмет - топоним | |
| Географско понятие | Русе |
| 9 (RLIN) | 179462 |
| 651 #4 - Допълнително описание по предмет - топоним | |
| Географско понятие | България |
| 9 (RLIN) | 241624 |
| 653 ## - Ключова дума – ненормативна | |
| Ключова дума | театри |
| 653 ## - Ключова дума – ненормативна | |
| Ключова дума | Русе |
| 653 #7 - Ключова дума – ненормативна | |
| Ключова дума | история |
| 9 (RLIN) | 187889 |
| 653 ## - Ключова дума – ненормативна | |
| Ключова дума | България |
| 852 ## - Местоположение | |
| Форматна сигнатура | К 792/В 23 В |
| Фондова буква | Краезнание |
| 856 4# - Електронен адрес и достъп | |
| Електронен формат | pdf - файл |
| 856 4# - Електронен адрес и достъп | |
| Електронен формат | pdf - файл |
| 999 ## - СИСТЕМНИ КОНТРОЛНИ НОМЕРА | |
| Koha biblionumber | 447607 |
| Koha biblioitemnumber | 447607 |
| 942 ## - АРТИКУЛИ | |
| Вид на библиотечния материал | Книги |
| Скрит в OPAC | Не |
| Периодичен библиозапис | Да |
| Koha issues (borrowed), all copies | 1 |
| 944 ## - СЪЗДАВАНЕ И РЕДАКЦИЯ на ЗАПИСА | |
| Създаване/Редакция | Създаване |
| Дата на регистрацията/редакция | 2022-03-08 |
| Статус, дата на статуса | Кети Илиева |
| Служител, извършил регистрацията/редакцията | 30550 |
| 999 ## - СИСТЕМНИ КОНТРОЛНИ НОМЕРА | |
| Koha biblioitemnumber | 447607 |
| Код за отписване | Код за изгубен артикул | Източник на класификационната схема | Код за повреда | Коз за рестрикции | Код за отдаване | Артикулен № | Име на библиотеката - собственик | Име на библиотеката, в която се намира в момента | Статус (Текущо местоположение) | Дата на вписване в системата | Местоположение - отдел | Цена в лева | Систематично азбучна сигнатура | Баркод | Цена в евро | Служебен тип на артикула |
|---|---|---|---|---|---|---|---|---|---|---|---|---|---|---|---|---|
| Не е изгубен | Universal Decimal Classification | Не е повреден | само за читалня | ползва се в читалня | 875538 | Регионална библиотека "Любен Каравелов" Русе | Регионална библиотека "Любен Каравелов" Русе | Краезнание | 2022-03-15 | Краезнание | 1.00 | К 792/В 23 | 120000868225 | 0.51 | Книги |